| 000 | 00935nam a2200241Ia 4500 | ||
|---|---|---|---|
| 999 |
_c38498 _d38498 |
||
| 001 | 4511 | ||
| 003 | GE_BSU | ||
| 005 | 20191021120954.0 | ||
| 008 | 181216s2012||||enk|||||||||||||| ||eng|| | ||
| 020 | _a9789971177545 | ||
| 040 | _cGE_BSU | ||
| 080 | _a32 K-16 | ||
| 100 |
_aKakachia, Kornely _94886 |
||
| 245 |
_aReinvegorating Cross Border cooperation in Black Sea Region : _bvisions for future / _cGeorgian Institute of Politics. |
||
| 264 |
_aTbilisi : _bUniversal, _c2012. |
||
| 300 |
_a130 p. ; _b27 cm. |
||
| 500 | _a ტექსტი ინგლ., ქართ. ენ. | ||
| 505 | _aბიბლიოგრ. ტექსტის შენიშვნებში. | ||
| 653 | _aშავი ზღვის რეგიონის საერთაშორისო ურთიერთობები | ||
| 653 | _aპოლიტიკა | ||
| 710 |
_aGeorgian Institute of Politics _94887 |
||
| 942 |
_cBK _2udc |
||